Âges et ères historiques - Statistiques

Statistiques générales
  • Ce quiz a été pris 8 820 fois
  • Le résultat moyen est 14 sur 20
Statistiques - réponses
Description Ère % Correct
Mouvement philosophique, littéraire et culturel bourgeois que connaît l'Europe au XVIIIe siècle Siècle des {lumières}
98%
L'Europe, du Ve au XVe siècle Moyen Âge
93%
1947–1991, rivalité entre États-Unis et URSS Guerre froide
88%
Période européenne marquée par l’essor des arts, des sciences et de l’humanisme Renaissance
88%
Période allant de l'invention de l'écriture à la chute de l'Empire romain d'Occident Antiquité
85%
1870–1914, période de prospérité et d’innovation en France {Belle} époque
80%
A suivi l'âge du bronze Âge du {fer}
79%
A précédé l'âge du bronze Âge de {pierre}
78%
Période lors de laquelle l'alcool est banni aux États-Unis Prohibition
75%
La décennie 1920 Années {folles}
74%
Fin du XVIIIᵉ siècle en Angleterre, naissance des premières usines textiles Révolution industrielle
66%
Période de forte croissance économique après la Seconde guerre mondiale Trente glorieuses
64%
A suivi le Trias Jurassique
62%
À partir du lancement de Spoutnik Ère {spatiale}
60%
1830–1848 en France, monarchie de Louis-Philippe Monarchie de {Juillet}
59%
Période géologique qui s’achève avec l’extinction des dinosaures Crétacé
56%
Royaume-Uni, 1837–1901 Époque {victorienne}
54%
Europe, 1799–1815 Ère {napoléonienne}
49%
Les années 1930, période de crise économique mondiale Grande Dépression
41%
L'Amérique, avant 1492 Période {précolombienne}
38%
Aucun quiz correspondant
Distribution des résultats
% des personnes avec chaque résultat
Percentile par nombre de réponses
Votre historique - résultats
Vous n’avez pas pris ce quiz